| 000 | 00904cab a22002055a 4500 | ||
|---|---|---|---|
| 001 | L145560 | ||
| 008 | 081021e20080829xxk f v 000 0 eng d | ||
| 035 | _a(Sirsi) u145560 | ||
| 041 | 0 | _aeng | |
| 100 | 1 | _aRoss, Jonathan | |
| 245 | 0 | 0 | _aTenants' rights and wrongs |
| 260 | _c2008 | ||
| 490 | 0 |
_aProperty Week _v73(35) 29 August 2008, 49(1) |
|
| 520 | _aSummaries the case of Manton Securities Ltd v Nazam (t/a New Dyal Cash & Carry) [2008] EWCA Civ 805 (see L145558). A tenant has the right to be granted a lease even if it took up the property without the landlord's agreement and was consistently late in paying the rent. The finding was upheld on appeal. | ||
| 590 | _aKA | ||
| 650 | 2 | 4 | _aMANTON SECURITIES LTD V NAZAM |
| 651 | 4 |
_aEngland and Wales _y1543- |
|
| 690 | _aPROPERTY-COMMERCIAL PROPERTY-LEASEHOLD COMMERCIAL PROPERTY-COMMERCIAL LANDLORD AND TENANT-COMMERCIAL LEASES | ||
| 942 | _n0 | ||
| 999 |
_c80874 _d80874 |
||